Premios Nobel Alemanes (Record no. 3872)

MARC details
000 -CABECERA
campo de control de longitud fija 00705nam a2200229 a 4500
001 - NÚMERO DE CONTROL
campo de control BRCA_4156
005 - FECHA Y HORA DE LA ÚLTIMA TRANSACCIÓN
campo de control 20190320204551.0
008 - DATOS DE LONGITUD FIJA--INFORMACIÓN GENERAL
campo de control de longitud fija 050510s1968----gw-a######---#000-0#spa-#
041 ## - CÓDIGO DE LENGUA
Código de lengua del texto/banda sonora o título independiente spa
044 ## - CÓDIGO DEL PAÍS DE LA ENTIDAD EDITORA/PRODUCTORA
Código MARC del país gw
050 #4 - SIGNATURA TOPOGRÁFICA DE LA BIBLIOTECA DEL CONGRESO
Número de clasificación AS911
Número de documento/Ítem .P74 1968
245 10 - MENCIÓN DE TÍTULO
Título Premios Nobel Alemanes
Mención de responsabilidad, etc. Armin Hermann ... [et al.].
260 ## - PUBLICACIÓN, DISTRIBUCIÓN, ETC.
Lugar de publicación, distribución, etc. Múnich, Alemania
Nombre del editor, distribuidor, etc. Hainz Maas
Fecha de publicación, distribución, etc. c1968
300 ## - DESCRIPCIÓN FÍSICA
Extensión 167 p.
Otras características físicas il., 3 láminas a color, 162 retratos
Dimensiones 24 cm.
500 ## - NOTA GENERAL
Nota general Incluye índice de materias, índice onomástico y procedencia de fotografías
500 ## - NOTA GENERAL
Nota general C187
650 14 - PUNTO DE ACCESO ADICIONAL DE MATERIA--TÉRMINO DE MATERIA
Término de materia o nombre geográfico como elemento de entrada Premios Nobel
9 (RLIN) 10741
651 #4 - PUNTO DE ACCESO ADICIONAL DE MATERIA--NOMBRE GEOGRÁFICO
Nombre geográfico Alemania
Subdivisión de forma Biografía
9 (RLIN) 10742
700 1# - PUNTO DE ACCESO ADICIONAL--NOMBRE DE PERSONA
Nombre de persona Hermann, Armin
Fechas asociadas al nombre 1933-
9 (RLIN) 10743
902 ## - CATALOGADOR
Iniciales GFM
942 ## - ELEMENTOS DE PUNTO DE ACCESO ADICIONAL (KOHA)
Fuente del sistema de clasificación o colocación Library of Congress Classification
Tipo de ítem Koha Libros
Holdings
Estado de retiro Estado de pérdida Estado dañado No para préstamo Localización permanente Ubicación/localización actual Fecha de adquisición Número de inventario Total de préstamos Signatura topográfica completa Código de barras Fecha visto por última vez Precio válido a partir de Tipo de ítem Koha
El ejemplar forma parte de la colección y puede ser consultado según las políticas vigentes.       Biblioteca del Museo Franz Mayer (Rogerio Casas-Alatriste) Biblioteca del Museo Franz Mayer (Rogerio Casas-Alatriste) 15/04/2010 C187   AS911 .P74 1968 (C187) 4153 22/03/2019 22/03/2019 Libros